Die Bedeutung der Urkunde zur Weihe der St. Marien-Kirche in Zwickau 1118 für die Erforschung der Besiedlung des Erzgebirges

Titel: Die Bedeutung der Urkunde zur Weihe der St. Marien-Kirche in Zwickau 1118 für die Erforschung der Besiedlung des Erzgebirges / Karlheinz Hengst
Verfasser:
In: Sächsische Heimatblätter, Band 64, Heft 1 (2018), Seite 2-8
alle Artikel anzeigen
Veröffentlicht: 2018
Umfang: Illustrationen
Format: Aufsatz
Sprache: Deutsch
Kein Bild verfügbar
X
alg: 43446072
001A    $03033:31-07-18 
001B    $01999:01-08-18 $t07:18:16.000 
001C    $03033:31-07-18 $t11:50:54.000 
001D    $03033:31-07-18 
001U    $0utf8 
001X    $00 
002@    $0Aoy 
002C    $aText $btxt $2rdacontent 
002D    $aohne Hilfsmittel zu benutzen $bn $2rdamedia 
002E    $aBand $bnc $2rdacarrier 
003@    $0434460729 
007A    $0434460729 $aHEB 
010@    $ager 
010E    $erda 
011@    $a2018 
021A    $aDie @Bedeutung der Urkunde zur Weihe der St. Marien-Kirche in Zwickau 1118 für die Erforschung der Besiedlung des Erzgebirges $hKarlheinz Hengst 
028A    $BVerfasser $#Hengst, Karl-Heinz $#Hengst, K.-H. $#Hengst, K. H. $#Hengst, K.H. $#Hengst, K. $4aut $710580083X $8Hengst, Karlheinz$Z1934- [Tp1] $9140828079 
031A    $d64 $e1 $g7 $h2-8 $j2018 
034M    $aIllustrationen 
039B    $aEnthalten in $8--Abvc--. Sächsische Heimatblätter. - Niederjahna : Zentrum für Kultur, Geschichte, 1958-. - ISSN 0486-8234 $x201800000640001998 $9047686766 
045T    $a8,1 

lok: 43446072 70

exp: 43446072 70 1 #EPN
201B/01 $020-06-21 $t12:51:40.000 
201C/01 $031-07-18 
201U/01 $0utf8 
203@/01 $01025411994 
208@/01 $a31-07-18 $bfg 
209A/01 $a/ $f010 $x00 
244Z/01 $ax Erzgebirge $x01 
244Z/01 $ax Besiedlungsgeschichte $x02 
245Z/01 $a1.8.4.2 $bVölkerkunde , Anthropologie ; Archäologie $x01 
247C/01 $8958024-4 Görlitz, Senckenberg Museum für Naturkunde Görlitz, Bibliothek $9371017858 

lok: 43446072 78

exp: 43446072 78 1 #EPN
201B/01 $007-09-20 $t11:10:06.000 
201C/01 $007-09-20 
201U/01 $0utf8 
203@/01 $01122536771 
208@/01 $a07-09-20 $be 
209A/01 $a/ $f000 $x00 
209A/01 $ab*p $x01 
220C/01 $apgar 
244Z/01 $#Böhmische Kronländer $#Länder der Böhmischen Krone $#Sudetenland $#Böhmen $#Mähren $#Mährisch-Schlesien $#Österreichisch-Schlesien $#Tschechische Sozialistische Republik Böhmische Länder $#Tschechei Böhmische Länder $#Země koruny české $74069573-6 $8--Tg1--Böhmische Länder $x01 $9085195553 
247C/01 $82080>Marburg/Lahn, Herder-Institut, Forschungsbibliothek, Bibliographieportal $9336309341
LEADER 00000caa a22000002c 4500
001 434460729
003 DE-603
005 20180801071816.0
007 tu
008 180731s2018 xx |||| | u00||u|ger c
035 |a (DE-599)HEB434460729 
040 |a DE-603  |b ger  |c DE-603  |d DE-603  |e rda 
041 |a ger 
084 |a 8,1  |2 ssgn 
100 1 |a Hengst, Karlheinz  |d 1934-  |e Verfasser  |4 aut  |0 (DE-603)140828079  |0 (DE-588)10580083X  |2 gnd 
245 0 0 |a ˜Dieœ Bedeutung der Urkunde zur Weihe der St. Marien-Kirche in Zwickau 1118 für die Erforschung der Besiedlung des Erzgebirges  |c Karlheinz Hengst 
264 0 |c 2018 
300 |b Illustrationen 
336 |a Text  |b txt  |2 rdacontent 
337 |a ohne Hilfsmittel zu benutzen  |b n  |2 rdamedia 
338 |a Band  |b nc  |2 rdacarrier 
773 0 8 |i Enthalten in  |t Sächsische Heimatblätter  |d Niederjahna : Zentrum für Kultur, Geschichte, 1958-  |x 0486-8234  |g Band 64, Heft 1 (2018), Seite 2-8  |w (DE-603)047686766  |w (DE-600)504423-6 
924 0 |9 Gl 1  |a (DE-603)1025411994  |b DE-Gl1  |c HES  |d d  |g / 
924 0 |9 2080  |a (DE-603)1122536771  |b DE-2080  |c HES  |d d  |g /